Statistics for Svátky České republiky (The Czech Republic Bank Holidays)

Click here to take the quiz!

General Stats

  • This quiz has been taken 39 times
  • The average score is 11 of 25

Answer Stats

Den Svátek % Correct
1.1.Nový rok
97%
24.12.Štědrý den
86%
6.7.Den upálení mistra Jana Husa
86%
1.5.Svátek práce
83%
28.10.Den vzniku samostatného československého státu
77%
26.12.2. svátek vánoční
71%
25.12.1. svátek vánoční
69%
5.7.Den slovanských věrozvěstů Cyrila a Metoděje
69%
28.9.Den české státnosti
66%
(1.4.)Velikonoční pondělí
66%
8.3.Mezinárodní den žen
49%
17.11.Den boje za svobodu a demokracii
49%
8.5.Den vítězství
37%
5.5.Květnové povstání českého lidu
34%
(30.3.)Velký pátek
34%
11. 11.Den válečných veteránů
29%
16.1.Den upálení Jana Palacha
26%
28.3.Den narození Jana Ámose Komenského (Den učitelů)
23%
27.1.Den památky obětí holocaustu a předcházení zločinům proti lidskosti
23%
12.3.Den přístupu České republiky k Severoatlantické smlouvě
17%
10. 6.Vyhlazení obce Lidice
14%
27. 6.Den památky obětí komunistického režimu
11%
1.1.Den obnovy samostatného českého státu
9%
15.5.Den rodin
6%
7.4.Den vzdělanosti
3%

Score Distribution

Percentile by Number Answered

Percent of People with Each Score

Your Score History

You have not taken this quiz